LEADER 01312nam a2200301 i 4500 001 000000119539 003 CaOOAMICUS 005 20031029000000.0 008 031029s2000 it u000 u ita u 013 $a92233 020 $a88-8284-080-8 040 $aSeMil$bita 245 10$aIn vista del bene comune :$badulti, formazione e dottrina sociale /$ca cura di Ernesto Preziosi. 260 $aRoma :$bFondazione Apostolicam Actuositatem,$ccopyr. 2000 (stampa 2001) 300 $a184 p. ;$c21 cm. 490 0 $aArgomenti ;$v6 500 $aFondo Card. C.M. Martini. 650 4$aChiesa cattolica - Dottrina sociale.$0(OLS)http://semarc/subject/330 650 4$aAdulti - Educazione.$0(OLS)http://semarc/subject/5441 700 1 $aPreziosi, Ernesto,$d<1955- >.$0(OLS)http://semarc/name/4597 830 0$aArgomenti ;$v6.$0(OLS)http://semarc/title/7375 850 $aSeMil 852 $aSeMil$W1$xVenegono$y1$m2E I 101$j74746$B74746$CSeMilBibl$Z2$F96741 $81 941 1 $a4 961 $aOmaggio: Martini Card. Carlo Maria 996 $6020$a88-8284-080-8$9(OLS)http://semarc/number/104437 996 $6245$aIn vista del bene comune :$badulti, formazione e dottrina sociale$9(OLS)http://semarc/title/175697 996 $6260$aRoma :$bFondazione Apostolicam Actuositatem$9(OLS)http://semarc/publisher/32839 LEADER 01442nam a2200325 i 4500 001 000000120228 003 CaOOAMICUS 005 20031119000000.0 008 031119s1997 it u000 u ita u 013 $a92922 020 $a88-7094-286-4 040 $aSeMil$bita 100 0 $aTommaso : d'Aquino,$c.$0(OLS)http://semarc/name/423 240 10$aDe sensu et sensato ; De memoria et reminiscentia.$0(OLS)http://semarc/title/176869 245 13$aLa conoscenza sensibile :$bcommenti ai libri di Aristotele /$cS. Tommaso d'Aquino ; introduzione e traduzione a cura di Adriana Caparello. 260 $aBologna :$bESD,$c1997. 300 $a248 p. ;$c22 cm. 490 0 $aOpere di San Tommaso ;$v8 500 $aContiene : Bibliografia. 700 1 $aCaparello, Adriana.$0(OLS)http://semarc/name/33458 700 0 $aAristoteles,$d<384-322 a.C.>.$0(OLS)http://semarc/name/1263 830 0$aOpere di San Tommaso ;$v8.$0(OLS)http://semarc/title/13857 850 $aSeMil 852 $aSeMil$W1$xVenegono$y1$mSL1.V III 22$j75416$B75416$CSeMilBibl$Z2$F77216 $8I 900 0 $aAristotele. 961 $aAcquisto: ESD Edizioni Studio Domenicano 996 $6020$a88-7094-286-4$9(OLS)http://semarc/number/105393 996 $6245$aLa conoscenza sensibile :$bcommenti ai libri di Aristotele$9(OLS)http://semarc/title/176868 996 $6260$aBologna :$bESD$9(OLS)http://semarc/publisher/30112